|
|
|
|
| LEADER |
03100nam a22004455i 4500 |
| 001 |
978-1-84800-243-2 |
| 003 |
DE-He213 |
| 005 |
20151204160647.0 |
| 007 |
cr nn 008mamaa |
| 008 |
100301s2008 xxk| s |||| 0|eng d |
| 020 |
|
|
|a 9781848002432
|9 978-1-84800-243-2
|
| 024 |
7 |
|
|a 10.1007/978-1-84800-243-2
|2 doi
|
| 040 |
|
|
|d GrThAP
|
| 050 |
|
4 |
|a RC870-923.2
|
| 050 |
|
4 |
|a RC875-899.5
|
| 072 |
|
7 |
|a MJS
|2 bicssc
|
| 072 |
|
7 |
|a MED088000
|2 bisacsh
|
| 082 |
0 |
4 |
|a 616.6
|2 23
|
| 245 |
1 |
0 |
|a Urologic Robotic Surgery in Clinical Practice
|h [electronic resource] /
|c edited by Prokar Dasgupta.
|
| 264 |
|
1 |
|a London :
|b Springer London,
|c 2008.
|
| 300 |
|
|
|a XIV, 250 p. 88 illus., 40 illus. in color.
|b online resource.
|
| 336 |
|
|
|a text
|b txt
|2 rdacontent
|
| 337 |
|
|
|a computer
|b c
|2 rdamedia
|
| 338 |
|
|
|a online resource
|b cr
|2 rdacarrier
|
| 347 |
|
|
|a text file
|b PDF
|2 rda
|
| 505 |
0 |
|
|a Robotic Technology -- The Basic Science of Robotic Surgery -- Robotic Prostatectomy -- Comparison of Robotic Laparoscopic and Open Radical Prostatectomy -- Robotic-Assisted Radical Cystectomy -- Robotic-Assisted Laparoscopic Pyeloplasty -- Robotic Pediatric Urology -- Robotic Gynecology/Urogynecology -- Anesthesia and Robotic-Assisted Surgery -- Health Economics of Robotic Surgery.
|
| 520 |
|
|
|a Robotics is one of the hottest topics in medicine today, with an international interest that is exponentially growing. The introduction of robotic technology into modern operating theatres has provoked a revolutionary change in the basic surgical approach, with many advantages over traditional open surgical treatment, including faster recovery and a significantly lower risk of surgical trauma. Furthermore, robotic technology has already also surpassed the traditional laparoscopic approach by providing full three-dimensional vision, intuitive motion and wristed instrumentation with motion scaling. This book therefore provides an up-to-date overview of this exciting field in a pocket-sized handbook, featuring contributions from internationally recognised experts in the field. Covering all major applications of this technology, the work will familiarize the reader with the state-of-the-art techniques in robotic prostatectomy, cystectomy, pyeloplasty and urogynecology, among others. Aimed at trainee level in particular, but a useful manual for all levels and relevant departments (surgeons, anaesthetists, operating theatre staff), Robotic Surgery in Clinical Practice is an educational easy-reference work, covering specific surgical techniques and patient care, supported by a number of illustrations and clear summary tables.
|
| 650 |
|
0 |
|a Medicine.
|
| 650 |
|
0 |
|a Surgery.
|
| 650 |
|
0 |
|a Urology.
|
| 650 |
1 |
4 |
|a Medicine & Public Health.
|
| 650 |
2 |
4 |
|a Urology.
|
| 650 |
2 |
4 |
|a Surgery.
|
| 700 |
1 |
|
|a Dasgupta, Prokar.
|e editor.
|
| 710 |
2 |
|
|a SpringerLink (Online service)
|
| 773 |
0 |
|
|t Springer eBooks
|
| 776 |
0 |
8 |
|i Printed edition:
|z 9781848002425
|
| 856 |
4 |
0 |
|u http://dx.doi.org/10.1007/978-1-84800-243-2
|z Full Text via HEAL-Link
|
| 912 |
|
|
|a ZDB-2-SME
|
| 950 |
|
|
|a Medicine (Springer-11650)
|